| 000 | 00889 a2200265 4500 | ||
|---|---|---|---|
| 003 | OSt | ||
| 005 | 20180116192402.0 | ||
| 008 | 120703t xxu||||| |||| 00| 0 eng d | ||
| 010 | _a 2004271865 | ||
| 020 | _a0714843466 | ||
| 020 | _a9780714843469 | ||
| 035 | _a(OCoLC)ocm52532470 | ||
| 040 | _c0 | ||
| 082 | 0 | 0 | _a294.392309515 |
| 100 | 1 |
_aMcCurry, Steve. _95498 |
|
| 245 | 1 | 4 |
_aThe path to Buddha : _ba Tibetan pilgrimage / _cSteve McCurry. |
| 260 |
_aLondon ; New York : _bPhaidon, _c2003. |
||
| 300 |
_a141 p. : _bchiefly col. ill. ; _c26 cm. |
||
| 650 | 1 | 0 |
_aBuddhism _zChina _zTibet Autonomous Region _95499 |
| 650 | 1 | 0 |
_aTibetans _xReligious life _95500 |
| 650 | 1 | 0 |
_aTibetans _95501 |
| 651 | 1 | 0 |
_aTibet Autonomous Region (China) _xReligious life and customs _95502 |
| 942 |
_aSADA _cBK _k294.392309515 MCC 2003 _2ddc |
||
| 999 |
_c353351 _d353351 |
||